| 000 | 01655cam a22003015a 4500 | ||
|---|---|---|---|
| 001 | ocn852899276 | ||
| 003 | OSt | ||
| 005 | 20151015131151.0 | ||
| 008 | 130716t2014 flua frbf 001 0 eng d | ||
| 020 | _z9781439889640 (alk. paper) | ||
| 040 |
_aN$T _beng _cN$T _dYDXCP _dCUV _dMBB _dIUL _dEG-ScBUE |
||
| 082 | 0 | 4 |
_a628.161 _bHAN _222 |
| 245 | 0 | 0 |
_aHandbook of water analysis / _ceditors Leo M. L. Nollet, Leen S. P. De Gelder. |
| 250 | _a3rd ed. | ||
| 260 |
_aBoca Raton : _bCRC Press / Taylor & Francis, _cc.2014. |
||
| 300 |
_axvi, 979 p. : _bill. ; _c24 cm. |
||
| 500 | _aIndex : p. 943-979. | ||
| 504 | _aIncludes bibliographical references. | ||
| 505 | 0 | _aSection I. Sampling and data treatment methods -- section II. Radioanalytical analysis -- section III. Organoleptical analysis -- section IV. Analysis of biological parameters -- section V. Halogens, N-compounds, and phosphates -- section. VI. Cyanides, asbestos, metals, and Si-compounds -- section VII. Organic parameters -- section VIII. Phenolic and humic compounds -- section IX. Residues of pesticides -- section X. Residues of PCBs, PCDDs, PCDFS, and PAHs -- section XI. Surfactants and petroleum hydrocarbon analysis -- section XII. EDCs and residues of plastics. | |
| 650 | 0 |
_aWater _xAnalysis _vHandbooks, manuals, etc. _2BUEsh |
|
| 651 | _2BUEsh | ||
| 653 |
_bPPhrm _cOctober2015 |
||
| 655 |
_vReading book _934232 |
||
| 700 | 1 |
_aNollet, Leo M. L., _d1948- _eeditor. |
|
| 700 | 1 |
_aDe Gelder, Leen, _eeditor. |
|
| 776 | 0 | 8 |
_iPrint version: _tHandbook of water analysis. _b3rd ed. _dBoca Raton : Taylor & Francis, 2013 _z9781439889640 _w(DLC) 2013020078 _w(OCoLC)845349966 |
| 942 | _2ddc | ||
| 999 |
_c20917 _d20889 |
||